Site layout planning for daylight and sunlight (Record no. 110180)

MARC details
000 -LEADER
fixed length control field 01708cam a22002775a 4500
001 - CONTROL NUMBER
control field L148718
008 - FIXED-LENGTH DATA ELEMENTS--GENERAL INFORMATION
fixed length control field 091027s1991 xxk f 000 0 eng d
020 ## - INTERNATIONAL STANDARD BOOK NUMBER
International Standard Book Number 085125506X
035 ## - SYSTEM CONTROL NUMBER
System control number (Sirsi) u148718
041 0# - LANGUAGE CODE
Language code of text/sound track or separate title eng
050 04 - LIBRARY OF CONGRESS CALL NUMBER
Classification number 729.28 $2 18
100 1# - MAIN ENTRY--PERSONAL NAME
Personal name Littlefair, P.J.
110 2# - MAIN ENTRY--CORPORATE NAME
Corporate name or jurisdiction name as entry element Building Research Establishment
245 00 - TITLE STATEMENT
Title Site layout planning for daylight and sunlight
Remainder of title a guide to good practice
260 ## - PUBLICATION, DISTRIBUTION, ETC.
Place of publication, distribution, etc. Watford
Name of publisher, distributor, etc. BRE
Date of publication, distribution, etc. 1991
300 ## - PHYSICAL DESCRIPTION
Extent 85p.
Dimensions 30cm.
490 #0 - SERIES STATEMENT
Series statement Building Research Establishment Report
Volume/sequential designation BR 209
500 ## - GENERAL NOTE
General note Transparent direction finder in pocket.
505 2# - FORMATTED CONTENTS NOTE
Formatted contents note Introduction -- Light from the sky -- Sunlighting -- Passive solar design -- Other issues -- References -- Bibliography -- Acknowledgements -- Appendix A Indicators to calculate access to skylight, sunlight and solar radiation -- Appendix B A waldram diagram to calculate vertical sky component -- Appendix D Interior daylighting recommendations -- Plotting the no-sky line -- Appendix E Rights to light -- Appendix F Setting alternatives target values for skylight access -- Appendix G Calculations of sun on the ground -- Appendix H Definitions
520 ## - SUMMARY, ETC.
Summary, etc. This guide gives advice on site layout planning to achieve good sunlighting and daylighting, within buildings and in the open spaces between them. Includes an appendix on rights to light and indicators to calculate access to skylight, sunlight and solar radiation. Discusses how to protect the daylighting and sunlighting of existing buildings when new developments are proposed.
521 ## - TARGET AUDIENCE NOTE
Target audience note Advanced
651 #4 - SUBJECT ADDED ENTRY--GEOGRAPHIC NAME
Geographic name United Kingdom
Chronological subdivision
690 ## - LOCAL SUBJECT ADDED ENTRY--TOPICAL TERM (OCLC, RLIN)
Topical term or geographic name as entry element BUILT ENVIRONMENT
710 2# - ADDED ENTRY--CORPORATE NAME
Corporate name or jurisdiction name as entry element Building Research Establishment.
942 ## - ADDED ENTRY ELEMENTS (KOHA)
Suppress in OPAC 0
Holdings
Withdrawn status Lost status Source of classification or shelving scheme Damaged status Not for loan Home library Current library Shelving location Date acquired Total Checkouts Full call number Barcode Date last seen Copy number Price effective from Koha item type
    Dewey Decimal Classification     London London Folio 27/10/2009   F729.28 LIT 30039099 06/08/2019 1 06/08/2019 Book